000 00757nam a22002417a 4500
005 20170124110222.0
010 _a565627
020 _c00.00
035 _a565627
037 _bCen Lib/Ret
040 _aDPL
_bEN
082 _a551.49
_bREP
245 _aRepresntative and experimental basins :
_cedited by C. Toebes [and] V. Ouryvaev
_ban international guide for research and practice /
260 _aParis
_bUnesco
_c1970
270 _bParis
_aPlace de Fontenoy
300 _a348p. :
_c24cm(Hb)
_bill.
500 _aIncludes bibliographical references
650 _aWatersheds
_940083
650 _aHydrology -- Research
_940084
700 _aToebs, C.
_940085
700 _a V. Ouryvaev
_940086
942 _2ddc
_cEN
_h551.49
_mREP
999 _c134207
_d134207